00331 a2200109 4500001001000000005001700010008004100027245003200068100002400100700001900124773007800143ART_1162120260410161858.0260409a 10aThe design of tax structure1 aStiglitz, Joseph E.1 aAtkinson, A.B.0 tJournal of public economicsg- Vol. 6, NÂș 1/2 (jul./ago. 1976)wREV11485